Материалы и исследования по истории Шиловского края. Т. 2: История Шиловского лозоплетения с древнейших времен и до наших дней (Запись № 12888432)

Подробности
000 -МАРКЕР
контрольное поле 02042nam2a2200325 4500
001 - ИДЕНТИФИКАТОР ЗАПИСИ
контрольное поле RU\NLR\BIBL_A\012704143
005 - ИДЕНТИФИКАТОР ВЕРСИИ
контрольное поле 20220418153655.0
010 ## - МЕЖДУНАРОДНЫЙ СТАНДАРТНЫЙ НОМЕР КНИГИ (ISBN)
Номер (ISBN) 978-5-907400-55-9
Тираж 300
021 ## - НОМЕР ГОСУДАРСТВЕННОЙ РЕГИСТРАЦИИ
Код страны Российская Федерация
Номер КН-П-21-069451
Номер Листа государственной регистраци КН-П-21-5503
035 ## - ДРУГИЕ СИСТЕМНЫЕ НОМЕРА
Идентификатор записи (NLR Aleph) 012704143
035 ## - ДРУГИЕ СИСТЕМНЫЕ НОМЕРА
Идентификатор записи (RuMoRGB)010829432
100 ## - ДАННЫЕ ОБЩЕЙ ОБРАБОТКИ
Данные общей обработки 20220210d2021 k y0rusy50 ca
101 0# - ЯЗЫК РЕСУРСА
Язык текста, звукозаписи и т.д. русский
102 ## - СТРАНА ПУБЛИКАЦИИ ИЛИ ПРОИЗВОДСТВА
Страна публикации Российская Федерация
105 ## - ПОЛЕ КОДИРОВАННЫХ ДАННЫХ: ТЕКСТОВЫЕ МАТЕРИАЛЫ, МОНОГРАФИЧЕСКИЕ
Кодированные данные о монографическом текстовом документе ch|z|||000zy
200 1# - ЗАГЛАВИЕ И СВЕДЕНИЯ ОБ ОТВЕТСТВЕННОСТИ
Основное заглавие История Шиловского лозоплетения с древнейших времен и до наших дней
Первые сведения об ответственности Александр Кондрашов, Валерий Гаврилов
Последующие сведения об ответственности редакционная коллегия: П.В. Акульшин (ответ. ред.) [и др.]
210 ## - ПУБЛИКАЦИЯ, РАСПРОСТРАНЕНИЕ И ДР.
Место издания, распространения и т.д. Рязань
Имя издателя, распространителя и т. д. ИП Коняхин А.В. (Book Jet)
Дата издания, распространения и т.д. 2021
215 ## - ФИЗИЧЕСКАЯ ХАРАКТЕРИСТИКА
Специфическое обозначение материала и объем 135 с.
Другие сведения о физической характеристике ил., цв. ил., портр., факс.
320 ## - ПРИМЕЧАНИЯ О НАЛИЧИИ В ДОКУМЕНТЕ БИБЛИОГРАФИИ / УКАЗАТЕЛЯ
Текст примечания Библиогр. в примеч.: с. 133-134 (24 назв.)
461 #0 - УРОВЕНЬ НАБОРА
Встроенное поле 001RU\NLR\BIBL_A\010858974
-- 2001#$aМатериалы и исследования по истории Шиловского края$e[в 10 т.]$fАлександр Кондрашов$vТ. 2
-- 700#1$aКондрашов$bА. И.$gАлександр Иванович
Системный номер (АБИС) связанной записи 10411533
Автор Кондрашов, А. И.
Место публикации Рязань
Дата публикации 2015
Первые сведения об ответственности Александр Кондрашов
Имя издателя, распространителя и т.д. ГУП РО "Рязанская областная типография"
Сведения, относящиеся к заглавию [в 10 т.]
Заглавие Материалы и исследования по истории Шиловского края
ISBN 9785912551895
Номер тома Т. 2
606 1# - НАИМЕНОВАНИЕ ТЕМЫ КАК ПРЕДМЕТ
Наименование темы Плетение из лозы
Системный номер авторитетной/нормативной записи 1556168
Идентификатор авторитетной/нормативной записи RU\NLR\AUTH\66680142
686 1# - ИНДЕКСЫ ДРУГИХ КЛАССИФИКАЦИЙ
Индекс М137.2г
701 #1 - ИМЯ ЛИЦА - АЛЬТЕРНАТИВНАЯ ОТВЕТСТВЕННОСТЬ
Графика поля Кириллица
Материалы, к которым относится поле rus
Начальный элемент ввода Гаврилов
Часть имени, кроме начального элемента ввода В. А.
Дополнения к именам, кроме дат специалист по лозоплетению
Даты 1953-
Расширение инициалов личного имени Валерий Александрович
Системный номер авторитетной/нормативной записи 241001
Идентификатор авторитетной/нормативной записи RU\NLR\AUTH\770241057
942 ## - ДОПОЛНИТЕЛЬНЫЕ ЭЛЕМЕНТЫ ЗАПИСИ (АБИС)
Тип экземпляра АБИС Книга
980 ## - КОЛЛЕКЦИЯ
Название коллекции Национальная библиография
Экземпляры
Тип экземпляра Дата поступления Источник поступления Библиотека постоянного хранения Библиотека текущего хранения Место хранения Шифр хранения Штрих-код Статус экземпляра
Книга 10.02.2022 Обязательный экземпляр РНБ (Московский) РНБ (Московский) Центральная справочная библиотека С 2015-2/408 1-3681061  
Книга 10.02.2022 Обязательный экземпляр РНБ (Московский) РНБ (Московский) Центральная справочная библиотека С 2015-2/408 1-3681062